Norse Gods Quiz Stats

 Plays Quiz Updated Jan 6, 2020

Support Sporcle.
Go Orange.
Score 0/21 Timer 05:00
24 Plays Today
Domain God(dess) % Correct
God of War and ThunderThor
96.9%
The Allfather, God of Magic, Thought and WisdomOdin
89%
The Trickster God of FireLoki
83.5%
God of Fertility and SuccessFreyr
60.2%
Warrior Goddess of Love and BeautyFreyja
46.8%
Mother of the GodsFrigga
41.2%
Goddess of the Dead and AfterlifeHel
38.7%
God of Love and LightBaldr
37%
God of War and LawTyr
36.6%
Guardian of Bifrost, the Rainbow Bridge Heimdall
34.3%
Goddess of the HarvestSif
23.5%
Domain God(dess) % Correct
God of the SeaNjord
20.9%
Bard of the Gods; muse of poetryBragi
17.7%
Goddess of Youth and BeautyIdunna
15.7%
Goddess of Winter, Vengeance and the HuntSkadi
13.7%
God of the HuntUllr
12%
God of Law and JusticeForseti
11.6%
Messenger of the GodsHermod
9.7%
Goddess of Spring and FertilityEostre
7.9%
Goddess of the Sea and RiversNerthus
6.6%
Smith of the GodsWeiland
6.5%

From the Vault

Body Parts in 4 Languages

by kfastic

Language 12m
You should probably know what the parts you have on you are called. In case you lose them, or something.
Remove Ads.
Support Sporcle.
Get the best of Sporcle when you Go Orange. This ad-free experience offers more features, more stats, and more fun while also helping to support Sporcle. Thank you for becoming a member.

Show Comments

Extras

Top Quizzes Today


Score Distribution

Your Account Isn't Verified!

In order to create a playlist on Sporcle, you need to verify the email address you used during registration. Go to your Sporcle Settings to finish the process.

Report this User

Report this user for behavior that violates our Community Guidelines.

Details: